The complete manual of typography : a guide to setting perfect type

Saved in:
Bibliographic Details
Main Author Felici, James (Author)
Format Book
LanguageEnglish
Published Berkeley : Peachpit Press, c2012
Edition2nd ed.
Subjects
ISBN978-0-321-77326-5 0-321-77326-8
Physical Descriptionxxii, 374 s. : il. ; 26 cm

Cover

LEADER 00000aam a2200000 a 4500
001 115548
003 CZ-ZlUTB
005 20260429082906.0
007 ta
008 110120s2012 xxua e f 001 0 eng d
020 |a 978-0-321-77326-5  |q (brož.)  |z 0-321-77326-8 
040 |a BTCTA  |b cze  |c BTCTA  |d YDXCP  |d C6I  |d MTG  |d BWX  |d ORX  |d KMS  |d ABA001  |d ZLD002 
072 7 |a 655  |x Polygrafie. Vydavatelství a knižní obchod  |2 Konspekt  |9 12 
080 |a 655.2  |2 MRF 
080 |a (035)  |2 MRF 
100 1 |a Felici, James  |4 aut 
245 1 4 |a The complete manual of typography :  |b a guide to setting perfect type /  |c James Felici 
250 |a 2nd ed. 
260 |a Berkeley :  |b Peachpit Press,  |c c2012 
300 |a xxii, 374 s. :  |b il. ;  |c 26 cm 
500 |a Rozložená tit. s. 
500 |a Terminologický slovník 
504 |a Obsahuje bibliografické odkazy a rejstřík 
650 0 7 |a typografie  |7 ph116511  |2 czenas 
650 0 9 |a typography  |2 eczenas 
655 7 |a příručky  |7 fd133209  |2 czenas 
655 9 |a handbooks and manuals  |2 eczenas 
910 |a ZLD002 
942 |2 udc 
952 |0 0  |1 0  |4 0  |5 0  |6 655FELICIJ  |7 -1  |8 BOOK  |9 190890  |a UTBZL  |b UTBZL  |c 005  |d 2026-04-27  |l 0  |o 655/FELICI,J.  |p 420010201963  |r 2026-04-27 14:08:44  |v 805.00  |w 2026-04-27  |x N:nákup  |y 01 
992 |b SK 
999 |c 115548  |d 115548